[Event "Medellin Flores op 30th"]
[Site "Medellin"]
[Date "2023.08.04"]
[Round "3"]
[White "Barajas Hernandez, Nestor Giovany"]
[Black "Florez, Edgar Mauricio"]
[Result "0-1"]
[WhiteElo "1150"]
[BlackElo "1871"]
[PlyCount "56"]
[EventDate "2023.08.03"]
[EventType "swiss"]
[EventRounds "9"]
[EventCountry "COL"]
[SourceTitle "EXT 2024"]
[Source "ChessBase"]
[SourceDate "2023.10.10"]
[SourceVersion "1"]
[SourceVersionDate "2023.10.10"]
[SourceQuality "1"]

1. e4 e6 2. Nf3 d5 3. exd5 exd5 4. d4 Bd6 5. Be2 Ne7 6. 0-0 0-0 7. c3 Bf5 8. Be3 c6 9. h3 Nd7 10. Nh4 Bg6 11. Nd2 Rc8 12. Rc1 Nf6 13. c4 Bb8 14. Nxg6 Nxg6 15. Nf3 Nf4 16. Bxf4 Bxf4 17. Rc3 Re8 18. c5 Ne4 19. Rc2 f6 20. Bd3 Bb8 21. Re2 Qc7 22. Qc2 f5 23. Rfe1 h6 24. Re3 g5 25. Ne5 Qg7 26. Nf3 Re6 27. g3 f4 28. R3e2 fxg3 0-1

[Event "Bogota Region-ch Amateur"]
[Site "Bogota"]
[Date "2012.03.04"]
[Round "7.24"]
[White "Florez, Edgar Mauricio"]
[Black "Plata, Gonzalo Orlando"]
[Result "1-0"]
[WhiteElo "1907"]
[BlackElo "1465"]
[PlyCount "81"]
[EventDate "2012.03.01"]
[EventType "swiss"]
[EventRounds "7"]
[EventCountry "COL"]
[SourceTitle "EXT 2024"]
[Source "ChessBase"]
[SourceDate "2023.10.10"]
[SourceVersion "1"]
[SourceVersionDate "2023.10.10"]
[SourceQuality "1"]

1. d4 d6 2. c4 Nf6 3. Nc3 Bf5 4. Qb3 Nc6 5. Nf3 Qd7 6. Bg5 h6 7. Bh4 g5 8. Bg3 Bg7 9. e3 Be4 10. Nd2 Bg6 11. f3 0-0 12. Be2 Rab8 13. e4 e6 14. 0-0 Nh5 15. Bf2 Nf4 16. Bd1 e5 17. Ne2 g4 18. Nxf4 exf4 19. Qc3 h5 20. Nb3 Kh7 21. Bc2 Rh8 22. Rae1 Kg8 23. Qd2 Bh6 24. Rd1 Qe7 25. Rfe1 h4 26. fxg4 Bg5 27. e5 Qd7 28. Bxg6 fxg6 29. e6 Qg7 30. Qd3 Re8 31. a3 Re7 32. Nd2 Kf8 33. h3 Ke8 34. Ne4 Bf6 35. g5 Bxd4 36. Bxd4 Nxd4 37. Nf6+ Kd8 38. Qxd4 Kc8 39. Qxa7 c6 40. Rxd6 Kc7 41. Red1 1-0

[Event "Bogota op 01"]
[Site "Bogota"]
[Date "2012.01.26"]
[Round "2"]
[White "Florez, Edgar Mauricio"]
[Black "Reyes, Riscanevo"]
[Result "1-0"]
[WhiteElo "1907"]
[BlackElo "1782"]
[PlyCount "85"]
[EventDate "2012.01.26"]
[EventType "swiss"]
[EventRounds "7"]
[EventCountry "COL"]
[SourceTitle "CBM 146 Extra"]
[Source "ChessBase"]
[SourceDate "2012.02.29"]
[SourceVersion "1"]
[SourceVersionDate "2012.02.29"]
[SourceQuality "1"]

1. d4 Nf6 2. c4 e6 3. Nc3 d5 4. cxd5 exd5 5. Qc2 c6 6. Bg5 h6 7. Bxf6 Qxf6 8. Nxd5 Qd8 9. Nc3 Bb4 10. e3 0-0 11. Nf3 Nd7 12. Bd3 Nf6 13. 0-0 Be6 14. Rab1 Qc7 15. a3 Bd6 16. Rfc1 Rac8 17. Qa4 a6 18. b4 Qb6 19. Nd2 Qa7 20. b5 cxb5 21. Nxb5 Rxc1+ 22. Rxc1 Bd7 23. Nxa7 Bxa4 24. Nc4 Bb8 25. Nb6 Bb3 26. Nac8 Be6 27. h3 Rd8 28. Kf1 Kf8 29. Ke2 g6 30. g4 g5 31. a4 Kg7 32. a5 Rh8 33. Ne7 Kf8 34. Nf5 h5 35. d5 Bxf5 36. Bxf5 hxg4 37. Rc8+ Kg7 38. Rxh8 Kxh8 39. hxg4 Bd6 40. Nc4 Bc5 41. d6 Nd5 42. e4 Nb4 43. Bc8 1-0

[Event "Bogota op 01"]
[Site "Bogota"]
[Date "2012.01.26"]
[Round "1"]
[White "Perez, Laura"]
[Black "Florez, Edgar Mauricio"]
[Result "1-0"]
[WhiteElo "1873"]
[BlackElo "1907"]
[PlyCount "111"]
[EventDate "2012.01.26"]
[EventType "swiss"]
[EventRounds "7"]
[EventCountry "COL"]
[SourceTitle "CBM 146 Extra"]
[Source "ChessBase"]
[SourceDate "2012.02.29"]
[SourceVersion "1"]
[SourceVersionDate "2012.02.29"]
[SourceQuality "1"]

1. d4 Nf6 2. Nf3 c5 3. c3 cxd4 4. cxd4 d6 5. Nc3 e6 6. Bg5 Nbd7 7. e4 Be7 8. Bd3 0-0 9. 0-0 Re8 10. Rc1 e5 11. Bc4 a6 12. Bb3 b5 13. Bxf6 Bxf6 14. Nd5 Ra7 15. Qd2 exd4 16. Nxd4 Bxd4 17. Qxd4 Nc5 18. Rxc5 dxc5 19. Qxc5 Rd7 20. f3 Bb7 21. Nf4 Qf6 22. Nd5 Qxb2 23. Rd1 Qe2 24. Rc1 Qd2 25. h3 Rxd5 26. Bxd5 Bxd5 27. exd5 Re1+ 28. Rxe1 Qxe1+ 29. Kh2 Qe5+ 30. Kh1 Qe1+ 31. Kh2 Qe5+ 32. f4 Qxf4+ 33. Kg1 Qc4 34. Qxc4 bxc4 35. Kf2 Kf8 36. Ke3 Ke7 37. Kd4 c3 38. Kxc3 Kd6 39. Kd4 f5 40. h4 g6 41. Kc4 h6 42. Kd4 a5 43. a3 g5 44. hxg5 hxg5 45. a4 f4 46. Ke4 Kc5 47. Ke5 g4 48. Kxf4 Kxd5 49. Kxg4 Kc4 50. Kf4 Kb4 51. g4 Kxa4 52. g5 Kb4 53. g6 a4 54. g7 a3 55. g8Q Kc3 56. Qa2 1-0

[Event "Bogota Mayores Distrital op 11"]
[Site "Bogota"]
[Date "2011.11.13"]
[Round "5.10"]
[White "Florez, Edgar Mauricio"]
[Black "Giron, Yorman Omar"]
[Result "1-0"]
[WhiteElo "1905"]
[BlackElo "1870"]
[PlyCount "41"]
[EventDate "2011.11.11"]
[EventType "swiss"]
[EventRounds "7"]
[EventCountry "COL"]
[SourceTitle "EXT 2024"]
[Source "ChessBase"]
[SourceDate "2023.10.10"]
[SourceVersion "1"]
[SourceVersionDate "2023.10.10"]
[SourceQuality "1"]

1. d4 d5 2. c4 e6 3. Nc3 c6 4. e4 f5 5. exd5 exd5 6. cxd5 cxd5 7. Bf4 Nf6 8. Nf3 Bb4 9. Be2 0-0 10. 0-0 Nc6 11. Nb5 Nh5 12. Bc7 Qd7 13. Ne5 Nxe5 14. Bxe5 Ba5 15. Qb3 Nf6 16. Rac1 Ne4 17. Rfd1 a6 18. Nc7 Nd2 19. Qa3 b6 20. Nxa8 Bb7 21. Rc7 1-0

[Event "Bogota Torneo Distrital"]
[Site "Bogota"]
[Date "2010.04.01"]
[Round "3"]
[White "Florez, Edgar Mauricio"]
[Black "Villamil Alarcon, Hector Orlando"]
[Result "0-1"]
[WhiteElo "1697"]
[BlackElo "1948"]
[PlyCount "48"]
[EventDate "2010.03.31"]
[EventType "swiss"]
[EventRounds "7"]
[EventCountry "COL"]
[SourceTitle "EXT 2024"]
[Source "ChessBase"]
[SourceDate "2023.10.10"]
[SourceVersion "1"]
[SourceVersionDate "2023.10.10"]
[SourceQuality "1"]

1. d4 d5 2. c4 e6 3. Nc3 Nf6 4. cxd5 exd5 5. Bg5 Be7 6. Qc2 c6 7. e3 0-0 8. Bd3 Nbd7 9. Nge2 Re8 10. 0-0 Nf8 11. f3 a6 12. e4 dxe4 13. fxe4 Ng4 14. Bd2 Ne6 15. e5 Nxd4 16. Bxh7+ Kh8 17. Qe4 Nxe2+ 18. Nxe2 Qxd2 19. Rxf7 Bc5+ 20. Kh1 Be6 21. Rf3 Nf2+ 22. Rxf2 Bxf2 23. Ng3 Bxg3 24. hxg3 Qh6+ 0-1

[Event "Bogota Torneo Distrital"]
[Site "Bogota"]
[Date "2010.03.31"]
[Round "1"]
[White "Quintero, Raul"]
[Black "Florez, Edgar Mauricio"]
[Result "0-1"]
[WhiteElo "2076"]
[BlackElo "1697"]
[PlyCount "104"]
[EventDate "2010.03.31"]
[EventType "swiss"]
[EventRounds "7"]
[EventCountry "COL"]
[SourceTitle "EXT 2024"]
[Source "ChessBase"]
[SourceDate "2023.10.10"]
[SourceVersion "1"]
[SourceVersionDate "2023.10.10"]
[SourceQuality "1"]

1. Nf3 Nf6 2. b3 e6 3. Bb2 c5 4. e3 a6 5. Be2 Be7 6. 0-0 d6 7. c4 Nbd7 8. d4 cxd4 9. exd4 0-0 10. Nbd2 Re8 11. Re1 b6 12. Rc1 Bb7 13. Bd3 Rc8 14. a3 Qc7 15. b4 Qb8 16. Qb3 Bd8 17. a4 Bc7 18. h3 e5 19. d5 a5 20. Ba3 Qa7 21. b5 g6 22. Bb1 Qb8 23. Qe3 Bd8 24. Nb3 Be7 25. Rc3 Bf8 26. Bc1 Rc7 27. Bd2 Qc8 28. Rec1 Nh5 29. g3 f5 30. Qe1 Ndf6 31. Be3 Nd7 32. Qd2 Nhf6 33. Ng5 e4 34. Ne6 Rxe6 35. dxe6 Ne5 36. Bxb6 Rxc4 37. Kf1 Rxc3 38. Rxc3 Qxe6 39. Nd4 Nf3 40. Qa2 Nxd4 41. Bxd4 Bd5 42. Qd2 Bc4+ 43. Kg1 d5 44. Rc1 Nd7 45. Qxa5 f4 46. Rc3 Qxh3 47. Bxe4 dxe4 48. gxf4 Qg4+ 49. Kh2 Qxf4+ 50. Rg3 Qh6+ 51. Kg1 Qc1+ 52. Kg2 e3 0-1